Quinta dimensión
Na minha lista:
| Autor principal: | |
|---|---|
| Formato: | Livro |
| Idioma: | espanhol |
| Publicado em: |
Santiago
Universitaria
1958
|
| Assuntos: | |
| Tags: |
Adicionar Tag
Sem tags, seja o primeiro a adicionar uma tag!
|
MARC
| LEADER | 00000nam a2200000 a 4500 | ||
|---|---|---|---|
| 001 | UCX4309 | ||
| 003 | CL-VaPUC | ||
| 008 | 920410e19580000CL |||||||||||||||||spa|d | ||
| 082 | 0 | 4 | |a Ch864 |b ALD |2 21 |
| 100 | 0 | |a Aldunate Phillips, Arturo |e author |9 320459 | |
| 245 | 1 | 0 | |a Quinta dimensión |
| 300 | |a 263 p | ||
| 942 | |c BK | ||
| 945 | |d 19920410 00:00:00 | ||
| 260 | |a Santiago |b Universitaria |c 1958 | ||
| 650 | 0 | |a Ensayos chilenos |9 269132 | |
| 583 | |a last modification |c 20120606 03:59:34 |k Rodrigo Vera | ||
| 999 | |c 224806 |d 224804 | ||
| 952 | |0 0 |1 0 |4 0 |6 CH_864_000000000000000_ALD_1958 |7 0 |8 A |9 221780 |a BIBEDU |b BIBEDU |d 2019-11-15 |i 290635K |o Ch864 ALD 1958 |p 290635K |r 2019-11-15 |w 2019-11-15 |y BK |k LIT | ||
| 952 | |0 0 |1 0 |4 0 |6 CH_864_000000000000000_ALD_1958 |7 0 |8 X |9 221781 |a FDOBUD |b FDOBUD |d 2019-11-15 |i 4407512 |o Ch864 ALD 1958 |p 4407512 |r 2019-11-15 |w 2019-11-15 |y BK_X |k FHP | ||